000 00423cam a2200169ua 4500
003 OSt
008 241227b |||||||| |||| 00| 0 eng d
020 _a0 07 462396 6
041 _aeng
082 _a005.42
_bRAJ/LI
100 _aRajeev, Sangal .
_96633
245 _aLISP programming /
250 _a1 /
260 _aNew Delhi :
_bTata Mc-Graw Hill Publishing Company ,
_c1995.
300 _a231 ; .
942 _cBK
999 _c9808
_d9808